| 000 | 00671cam a2200169 4500500 | ||
|---|---|---|---|
| 005 | 20260315005058.0 | ||
| 041 | _afre | ||
| 042 | _adc | ||
| 100 | 1 | 0 |
_aEichner, Carolyn J. _eauthor |
| 700 | 1 | 0 |
_aChuvin, Marie _eauthor |
| 245 | 0 | 0 | _aPas de révolution sans les femmes |
| 260 | _c2021. | ||
| 500 | _a8 | ||
| 690 | _aPétroleuse Le mot a été inventé dans les jours qui ont suivi la Semaine sanglante. La presse versaillaise a accusé les communard | ||
| 786 | 0 | _nL'Histoire - Les Collections | 90 | 1 | 2021-01-07 | p. 54-58 | 2727-6945 | |
| 856 | 4 | 1 | _uhttps://shs.cairn.info/magazine-hist-l-hisoire-les-collections-2021-1-page-54?lang=fr&redirect-ssocas=7080 |
| 999 |
_c1700707 _d1700707 |
||